000 00331nam a2200133Ia 4500
008 100328s9999 xx 000 0 und d
082 _b67662
100 _aपाटील सुरेश.
245 _aवाळवी.
260 _bगमभन.
630 _aवाळवी.
730 _aवाळवी.
942 _cBOOK
999 _c553401
_d553398